| 000 | 00476nam a2200181Ia 4500 | ||
|---|---|---|---|
| 003 | GCL | ||
| 008 | 140319s9999 xx 000 0 eng d | ||
| 040 |
_aGCL / _cGCL |
||
| 082 | 0 | 4 |
_a745.44 _bL A |
| 100 | 1 | _aLIDDELL-GABRA, MERET | |
| 245 | 1 | 0 |
_aALESSI: THE DESIGN FACTORY / _cLIDDELL-GABRA, MERET |
| 260 |
_a[S.N] : _bACADEMY EDITIONS ، _c1994 |
||
| 300 | _a144 P | ||
| 650 | 0 | 4 | _aDESIGNERS |
| 650 | 0 | 4 | _aINDUSTRIAL DESIGN |
| 650 | 0 | 4 | _aALESSI, ALBERTO |
| 942 |
_2ddc _cBK |
||
| 999 |
_c11343 _d11343 |
||